| 000 | 00849nam a2200277 a 4500 | ||
|---|---|---|---|
| 001 | BRL_503 | ||
| 005 | 20190320210755.0 | ||
| 008 | 210813s1986----nyua######---#000-0#eng-# | ||
| 020 | _a091280422X | ||
| 041 | _aeng | ||
| 044 | _anyu | ||
| 050 | 4 |
_aF1435.3.A7 _b.S3 1986 |
|
| 100 | 1 |
_aSchele, Linda _924123 |
|
| 245 | 1 | 0 |
_aThe Blood of Kings _bDynasty and Ritual in Maya Art _cLinda Schele, Mary Ellen Miller; photographs by Justin Kerr |
| 260 |
_aNueva York _bG. Braziller _c1986 |
||
| 260 |
_aFort Worth _bKimbell Art Museum _c1986 |
||
| 300 |
_axii, 335 p. _bil. (algunas a color) _c25 cm. |
||
| 500 | _aAu543 | ||
| 504 | _aBibliografía: p.329 | ||
| 650 | 1 | 4 |
_aArte maya _9621 |
| 650 | 1 | 4 |
_aMayas _xVida social y costumbres _924124 |
| 700 | 1 |
_aMiller, Mary Ellen _924125 |
|
| 700 | 1 |
_aKerr, Justin _924126 |
|
| 902 | _aGRL | ||
| 942 |
_2lcc _cB |
||
| 999 |
_c9315 _d9315 |
||